000 00271nam a2200097Ia 4500
008 220204s9999 xx 000 0 und d
082 _a339.18(676.2)
_bECO
245 0 _aEconomic and commercial reports: Kenya
260 _aNew Delhi
_bMinistry of Commerce
_c1968
942 _cBK
999 _c22290
_d22290